000 01648cam a2200361 i 4500
999 _c10178
_d10178
001 731925496
003 OCoLC
005 20241126110727.0
008 110822s2011 ilu b 000 0 eng
010 _a2011033468
020 _a9780830837977 (pbk. : alk. paper)
020 _a0830837973 (pbk. : alk. paper)
035 _a(OCoLC)731925496
040 _aDLC
_beng
_erda
_cDLC
_dYDX
_dBTCTA
_dYDXCP
_dBWX
_dCDX
042 _apcc
050 0 0 _aBT1103
_b.S39 2011
082 0 0 _a239
_223
_bSCO
100 1 _aScott, Robert,
_d1974-
_0https://id.loc.gov/authorities/names/n2011057721
_917667
245 1 0 _aQuestions Muslims ask :
_bwhat Christians actually do (and don't) believe /
_cRobert Scott.
264 1 _aDowners Grove, Ill. :
_bIVP Books ;
_a[Grand Rapids, Michigan] :
_bDistributed ... by Zondervan Pub. House,
_c[2011]
264 4 _c℗♭2011
300 _a162 pages ;
_c21 cm
336 _atext
_btxt
_2rdacontent
337 _aunmediated
_bn
_2rdamedia
338 _avolume
_bnc
_2rdacarrier
504 _aIncludes bibliographical references.
650 0 _aApologetics
_0https://id.loc.gov/authorities/subjects/sh85006028
_vMiscellanea.
_0https://id.loc.gov/authorities/subjects/sh99001794
_98680
650 0 _aMissions to Muslims.
_0https://id.loc.gov/authorities/subjects/sh85086165
_93274
650 0 _aChristianity and other religions
_xIslam.
_0https://id.loc.gov/authorities/subjects/sh85025266
_91068
650 0 _aIslam
_xRelations
_xChristianity.
_0https://id.loc.gov/authorities/subjects/sh85068406
_91067
655 7 _aTrivia and miscellanea.
_2lcgft
_0https://id.loc.gov/authorities/genreForms/gf2014026201
_915567
942 _2ddc
_cBK
_03